Mináčov večer v Prahe

Bibliographic Details
Format: Article
Language:Slovak
PhysicalDescription:Nedeľa, príloha Nového slova, č. 18, s. 2.
Subjects:

MARC

LEADER 00000nab a2200000 a 4500
001 vtls000138639
003 SK-MaSNL
005 20260305005029.0
008 111104c1982 xo 0 slo
015 |a SNBRB19rr/mm-uuuuu 
035 |a CL0148745 
040 |a SNKBUCL  |b slo  |c SNKBUCL  |e AACR2 
041 0 |a slo 
044 |a xo  |c SK 
080 |a 82:061.7:885.4  |2 1981 
080 |a 061.7  |2 1981 
080 |a 885.4  |2 1981 
080 |a 82  |2 1981 
080 |a 929 Mináč, Vladimír  |2 1981 
245 0 0 |a Mináčov večer v Prahe 
300 |b Nedeľa, príloha Nového slova, č. 18, s. 2. 
500 |a V rubrike Zo života ZSS. 
600 1 7 |a Mináč, Vladimír,  |d 1922-1996  |2 snkbucl  |9 103107 
648 7 |a 1982  |2 snkbucl  |9 285355 
650 0 7 |a literárne večery  |2 snkbucl  |9 30695 
651 7 |a Praha (Česko)  |2 snkbucl  |9 19313 
655 7 |a články z novín a časopisov  |2 snkbucl  |9 267496 
773 0 |t Nové slovo  |g Roč. 24, č. 40 (1982) 
850 |a Slovenská národná knižnica v Martine  |a MTA001 
852 |a SNK  |b KIS3GCP 
992 |a RBX 
999 |c 3238625  |d 3240555